[Event "World Junior U20 Open 2018"]
[Site "Gebze"]
[Date "2018.09.07"]
[Round "3.19"]
[White "Garayev, Kanan"]
[Black "Lomasov, Semyon"]
[Result "1/2-1/2"]
[WhiteElo "2404"]
[BlackElo "2545"]
[Annotator "TA"]
[PlyCount "63"]
[EventDate "2018.09.05"]
[EventType "swiss"]
[EventCountry "TUR"]
[SourceTitle "playchess.com"]
[Source "ChessBase"]
[SourceQuality "1"]

{[%evp 19,63,15,16,2,10,0,0,0,7,7,0,0,14,5,6,0,0,0,0,-6,0,0,0,0,0,0,0,0,0,0,0,-10,0,0,0,0,0,0,0,0,0,0,0,0,0,-85]} 1. d4 e6 2. c4 b6 3. Nf3 Bb7 4. g3 Bb4+ 5. Bd2 Bxf3 6. exf3 Bxd2+ 7. Qxd2 d5 8. Nc3 Ne7 9. cxd5 Nxd5 10. Bg2 {A40: Unusual replies to 1 d4} Nc6 {LiveBook: 4 Games. The position is equal.} 11. O-O O-O 12. Nxd5 Qxd5 13. f4 Qd6 {[#]} 14. Bxc6 $146 ({Predecessor:} 14. Rfd1 Rad8 15. Bxc6 Qxc6 {½-½ (31) Kempinski,R (2510)-Miles,A (2630) Groningen 1996}) 14... Qxc6 15. Rac1 Qd6 16. Rc4 Rfd8 17. Qe3 Rac8 18. Rfc1 g6 19. Rc6 Qxd4 20. Qxd4 Rxd4 21. Rxc7 Rd1+ 22. Rxd1 Rxc7 $11 {[%mdl 4096] Endgame KR-KR} 23. Rd2 Kf8 24. Kg2 Ke7 25. Kf3 h5 26. h4 Rc5 27. Ke3 Rc1 28. Rd3 Re1+ 29. Kf3 Rb1 30. Ra3 Rxb2 {Threatens to win with ...a5.} 31. Rxa7+ Kf6 32. Ke4 {Precision: White = 65%, Black = 70%.} (32. a4 $11 {remains equal.}) 1/2-1/2

[Event "World Junior U20 Open 2018"]
[Site "Gebze"]
[Date "2018.09.07"]
[Round "3.20"]
[White "Gorshtein, Ido"]
[Black "Puranik, Abhimanyu"]
[Result "0-1"]
[WhiteElo "2383"]
[BlackElo "2524"]
[Annotator "TA"]
[PlyCount "96"]
[EventDate "2018.09.05"]
[EventType "swiss"]
[EventCountry "TUR"]
[SourceTitle "playchess.com"]
[Source "ChessBase"]
[SourceQuality "1"]

{[%evp 13,96,-10,0,-16,-13,-16,-14,-16,-20,-24,-20,-21,-22,-30,0,4,46,41,50,45,32,35,40,40,41,33,54,50,91,89,93,79,74,37,70,63,52,43,93,46,54,0,0,0,0,0,0,0,6,-13,0,0,0,0,0,0,0,0,0,0,0,0,0,-140,-140,-427,-427,-1722,-1655,-1493,-1343,-2620,-2620,-2475,-2400,-2292,-2151,-2037,-1914,-1626,-1486,-4133,-4133,-4133,-2264]} 1. e4 e5 2. Nf3 Nc6 3. Bb5 a6 4. Ba4 Nf6 5. d3 Bc5 6. Be3 Bxe3 {C77: Ruy Lopez: 3...a6 4 Ba4 Nf6, unusual lines} 7. fxe3 d6 {LiveBook: 3 Games} (7... b5 $5 8. Bb3 $8 O-O $11) 8. c3 O-O {The position is equal.} (8... b5 9. Bb3 Ne7 10. a4 b4 11. cxb4 Rb8 12. b5 axb5 13. axb5 c6 14. bxc6 Qb6 15. Ba4 Qxe3+ 16. Qe2 Qc1+ 17. Qd1 Qe3+ 18. Qe2 Qc1+ 19. Qd1 Qe3+ {½-½ (19) Sasikiran,K (2700)-Sokolov,I (2652) Zafra 2007}) 9. O-O b5 10. Bc2 $146 ({Predecessor:} 10. Bb3 Na5 11. Bc2 c5 12. Nbd2 Qe7 13. Qe1 Be6 14. Qh4 h6 15. Qg3 c4 16. d4 Nh5 17. Qe1 Bg4 18. h3 {0-1 (66) Schrecke,V-Arndt,S GER email 2009}) 10... Ne7 11. Nbd2 {[%cal Bb1d2,Bd2e4,Be4d6][%mdl 32]} c5 12. Qe1 Ng6 13. Nh4 Nxe4 14. Nxe4 {And now Nxg6 would win.} Qxh4 (14... Nxh4 {is more complex.} 15. Nf6+ gxf6 16. Qxh4 f5 17. Qh6 Qe7) 15. Qxh4 Nxh4 16. Nxd6 Be6 17. a4 b4 18. g3 Ng6 19. Ne4 Rac8 20. Ng5 $36 {[%mdl 2048] White has some pressure.} Bd5 21. e4 h6 22. exd5 hxg5 23. a5 Rfd8 24. Bb3 Kf8 25. cxb4 cxb4 26. Ra4 Rb8 27. Rc1 (27. Re1 $14) 27... Ne7 $11 28. Rc5 Rd6 29. Bc4 Rb7 30. Kf2 g6 31. g4 Kg7 32. Kf3 f5 $1 33. h3 Kf6 34. Ke3 Rb8 35. Rc7 Nxd5+ 36. Bxd5 Rxd5 {[%mdl 4096] Endgame KRR-KRR} 37. Rc6+ Kg7 38. Rxa6 (38. gxf5 $1 $11 gxf5 39. Rxa6) 38... f4+ $1 $17 39. Ke2 $2 {[%mdl 8192] [#]} (39. Ke4 $17 Rd4+ 40. Kxe5 Rxd3 41. Ra7+ Kh6 42. Ra1) 39... Rbd8 $1 $19 {Black is clearly winning.} 40. Rxb4 (40. Re6 $142 Rxd3 41. Rxe5) 40... Rxd3 41. Re4 Rd1 42. Ra7+ Kh6 {( -> ...R8d2+)} 43. Kf2 R8d2+ 44. Re2 e4 $1 {[%cal Be5e4,Be4e3,Be3e2][%mdl 32]} 45. Rxd2 {[#]} e3+ $1 ({Not} 45... Rxd2+ 46. Kg1 $17) 46. Kf3 Rxd2 47. Re7 Rf2+ 48. Ke4 e2 {Precision: White = 55%, Black = 77%.} 0-1

[Event "World Junior U20 Open 2018"]
[Site "Gebze"]
[Date "2018.09.07"]
[Round "3.21"]
[White "Santos Ruiz, Miguel"]
[Black "Baenziger, Fabian"]
[Result "1-0"]
[WhiteElo "2524"]
[BlackElo "2360"]
[Annotator "TA"]
[PlyCount "57"]
[EventDate "2018.09.05"]
[EventType "swiss"]
[EventCountry "TUR"]
[SourceTitle "playchess.com"]
[Source "ChessBase"]
[SourceQuality "1"]

{[%evp 22,57,27,31,32,16,22,12,16,4,35,40,62,77,77,28,52,29,46,49,61,63,64,65,194,183,399,352,547,477,596,563,585,497,1070,1064,1083,1054]} 1. e4 c6 2. d4 d5 3. exd5 cxd5 4. Bd3 Nc6 5. c3 Nf6 6. Bf4 Bg4 7. Qb3 Qc8 8. Nd2 e6 9. Ngf3 Be7 10. O-O O-O 11. Qc2 Bh5 12. Ne5 {LiveBook: 23 Games} Bd6 {B13: Caro-Kann: Exchange Variation and Panov-Botvinnik Attack} (12... a6 13. Rae1 Bg6 14. Nxg6 hxg6 15. Nf3 b5 16. a3 Ra7 17. Qe2 Re8 18. h4 Bd8 19. g3 Ne7 20. Kg2 {1-0 (36) Berkes,F (2661)-McShane,L (2647) Heraklio 2017}) 13. Rae1 Qc7 14. Re3 Rfc8 $146 {The position is equal.} ({Predecessor:} 14... Bg6 15. Nxg6 hxg6 16. Bxd6 Qxd6 17. f4 Rfc8 18. Qd1 Ne7 19. Rh3 Rab8 20. Nf3 b5 21. Ne5 Kf8 22. g4 b4 23. g5 Nfg8 24. Qa4 Rc7 25. Bb5 Nc8 26. Bd3 Nce7 27. Bb5 {½-½ (27) Weeramantry,S (2183)-Astaneh Lopez,A (2414) Caleta 2012}) 15. Qb1 Bg6 16. Nxg6 {[#] aiming for Bxd6.} hxg6 17. Bxd6 Qxd6 18. Rfe1 a6 19. a4 Nd7 20. Qd1 Ne7 21. Rh3 {[%cal Be3h3,Bh3h8,Bh8h7,Bh7g7][%mdl 32]} Nf6 22. Nf3 b5 ({Better is} 22... Ng4 $1 $14) 23. Ne5 $18 {[#] Rh8+! is the strong threat.} ({Don't take} 23. axb5 $6 axb5 24. Ne5 (24. Bxb5 Qb6 $15) 24... Qc7 $16) 23... Kf8 $2 (23... Qc7 {is a better defense.} 24. Qe2 (24. axb5 axb5 25. Qe2 Qb6 $16) 24... Rf8) 24. Qf3 Neg8 (24... Nc6 $142 25. axb5 (25. Rh8+ Ke7 $18) 25... axb5 26. Bxb5 (26. Rh8+ Ke7 $18) 26... Ne7) 25. g4 {White is clearly winning.} g5 {If Black can now play ...b4 this consolidates a bit.} 26. Rh8 Ke7 27. Rh7 Nh6 (27... Rc7 $142 28. Rxg7 Kf8) 28. Rxg7 Rg8 29. Ng6+ {Precision: White = 50%, Black = 21%.} 1-0

[Event "World Junior U20 Open 2018"]
[Site "Gebze"]
[Date "2018.09.07"]
[Round "3.22"]
[White "Yakubboev, Nodirbek"]
[Black "Kalogeris, Ioannis"]
[Result "1-0"]
[WhiteElo "2521"]
[BlackElo "2352"]
[Annotator "TA"]
[PlyCount "59"]
[EventDate "2018.09.05"]
[EventType "swiss"]
[EventCountry "TUR"]
[SourceTitle "playchess.com"]
[Source "ChessBase"]
[SourceQuality "1"]

{[%evp 9,59,-14,78,63,131,61,101,91,93,90,177,169,178,189,244,41,41,31,10,-14,-20,-134,-135,-122,-126,-95,0,0,132,123,122,118,177,162,208,208,294,315,405,398,408,393,438,429,649,634,741,743,809,788,997,1017]} 1. e4 c5 2. Nc3 e6 3. f4 d5 4. Nf3 d4 5. Ne2 f5 (5... Nc6 $11 {remains equal.}) (5... Nc6 6. d3 f6 7. g4 Bd6 8. h4 Nge7 9. Bh3 Qc7 10. Kf2 Ng6 11. Kg3 h5 12. gxh5 Rxh5 13. Bg4 {0-1 (32) Giorgadze,G (2612)-Chernin,A (2584) Sanxenxo 2004 CBM 105 [Bangiev,A]}) 6. Ng3 {B23: Closed Sicilian: Lines without g3} Nf6 ({Black should play} 6... fxe4 $14 7. Ng5 (7. Nxe4 Nf6 $14) 7... Nf6) 7. Bc4 (7. exf5 $1 $16 {Hoping for Bc4.} exf5 8. Bc4) 7... fxe4 8. Ng5 {White is better.} Nc6 $146 ({Predecessor:} 8... Bd6 9. O-O Qe7 10. N5xe4 O-O 11. Nf5 Qc7 12. Nfxd6 Nxe4 13. Nxe4 Rxf4 14. Rxf4 Qxf4 15. d3 Qe5 16. Qg4 h5 17. Qg6 Bd7 18. Bg5 Kh8 19. Nf6 {1-0 (19) Di Gianni,R (2185)-Petruccioli,A Teramo 1999}) 9. O-O Na5 (9... g6 $16) 10. Bxe6 $18 Bxe6 11. Nxe6 Qd7 (11... Qd6 {might work better.}) 12. Ng5 $2 (12. f5 $18) 12... O-O-O 13. N5xe4 d3 14. c3 h5 $1 {[%cal Bh7h5,Bh5h4][%mdl 32]} 15. b3 (15. Nxf6 $11 gxf6 16. b3 (16. Nxh5 Qh7 $11)) 15... h4 $17 16. Nxf6 gxf6 17. Ne4 {[#]} f5 (17... h3 $1 $17 {[%cal Rh3g2] Threatens to win with ...hxg2.} 18. g3 (18. Nxf6 $2 Qc6 $19) 18... f5) 18. Ng5 $11 Bh6 {[#]} (18... c4 $11 {keeps the balance.}) 19. Ba3 $1 $36 {[%mdl 2048] Black is under strong pressure.} b6 20. Qf3 Kb8 (20... Bg7 $16) 21. Rae1 $18 Rhe8 22. Qh5 Bxg5 (22... Bg7 {was necessary.} 23. Nf7 (23. Qxh4 Re2 $14) 23... Rxe1 24. Rxe1 Rg8) 23. fxg5 {[%cal Bf4g5,Bg5g6][%mdl 32]} Nb7 24. Qxh4 Re2 25. Bc1 Rde8 26. Rxe2 {White is clearly winning.} Rxe2 (26... dxe2 $142 27. Re1 Nd6) 27. g6 Re4 28. Qg3+ Qd6 29. Qg5 Rg4 {[#]} 30. Qxg4 $1 {[%mdl 512] Precision: White = 57%, Black = 28%.} 1-0

[Event "World Junior U20 Open 2018"]
[Site "Gebze"]
[Date "2018.09.07"]
[Round "3.23"]
[White "Lorparizangeneh, Shahin"]
[Black "Schitco, Ivan"]
[Result "1-0"]
[WhiteElo "2491"]
[BlackElo "2358"]
[Annotator "TA"]
[PlyCount "109"]
[EventDate "2018.09.05"]
[EventType "swiss"]
[EventCountry "TUR"]
[SourceTitle "playchess.com"]
[Source "ChessBase"]
[SourceQuality "1"]

{[%evp 9,109,0,19,25,36,20,47,39,38,34,37,47,48,35,63,47,52,61,84,69,84,69,72,41,37,34,49,54,63,0,108,107,131,138,132,121,156,100,147,148,209,131,179,162,225,187,177,171,208,196,211,170,383,177,240,242,252,216,237,243,229,246,283,216,225,222,226,219,225,167,199,123,109,96,190,195,199,178,160,169,260,239,440,430,549,366,559,557,1010,1010,1010,1010,1010,952,1010,1010,29985,1010,29990,29991,29991,29992]} 1. e4 c6 2. Nf3 d5 3. exd5 cxd5 4. Ne5 Nc6 5. d4 Bd7 (5... e6 6. Bb5 Bd7 7. Nxd7 Qxd7 8. c3 Nf6 9. O-O Bd6 10. Nd2 O-O 11. Re1 Qc7 12. g3 Rfe8 {½-½ (66) Andreikin,D (2710)-Kobalia,M (2619) Satka 2018}) 6. c3 {B10: Caro-Kann-Verteidigung} e6 $146 ({Vorgänger:} 6... Nxe5 7. dxe5 e6 8. Bd3 Ne7 9. O-O Ng6 10. Qe2 Bc5 11. Kh1 O-O {1-0 (36) Adams,M (2212)-Louro,E (2113) IECC email 2006}) 7. Bd3 Qc7 8. f4 {Weiß steht etwas besser.} g6 9. O-O f6 10. Nxd7 Qxd7 11. Nd2 Bd6 12. Nf3 Nge7 13. Qe2 O-O 14. Re1 Kf7 15. Bd2 Rae8 16. Qf2 (16. g4 {is interesting.} Nc8 17. Qg2 Kg8 18. f5 e5 19. fxg6 e4 20. Nh4) 16... Kg8 17. Re2 Bb8 18. Rae1 Nf5 19. c4 (19. g4 $14 Nd6 20. Qh4) 19... Kh8 (19... a6 $11 {hält das Gleichgewicht.}) 20. c5 $16 Ng7 21. b4 a6 22. a4 Na7 23. Ra1 ({Günstiger ist} 23. Bc2) 23... Kg8 24. Qe1 Rf7 (24... Nf5 $16 {ist eine bessere Verteidigung.} 25. Qf2 Nh6) 25. Ra3 Qe7 26. Rb3 Nf5 (26... Nc6 $142 27. b5 axb5) 27. b5 axb5 28. axb5 {Droht stark Lxf5.} Qd7 29. Qa1 b6 30. c6 Qc7 $2 (30... Qc8 {war angesagt.} 31. Qc1 Bd6) 31. Qe1 (31. Bxf5 $142 gxf5 32. Qe1) 31... Rfe7 (31... Ng7 $142 32. Ra3 Qd8) 32. Bb4 $18 Nd6 33. Ra3 Naxb5 34. Bxb5 Nxb5 35. Bxe7 Qxe7 36. Rb3 Nd6 37. Rxb6 Bc7 38. Rb1 Ne4 39. Qb4 Bd6 40. Qa5 ({Lieber} 40. Qb7 $18) 40... Bc7 $16 41. Qe1 Qd6 (41... Bxf4 $16 {ist wohl besser.} 42. g3 Bc7) 42. Qc1 $18 Ra8 43. Rb3 Ra4 {[#]} 44. Rc2 $1 g5 (44... Qf8 $142 45. Rb7 Qe7) 45. fxg5 fxg5 $2 (45... Nxg5 46. g3 (46. Rb7 Rc4 $18) 46... Nf7) 46. g3 h6 47. Qd1 Qf8 (47... Rb4 {kämpft weiter.}) 48. Rb7 g4 49. Ne5 (49. Rxc7 Qxf3 50. Rc8+ Kh7 $14) 49... Bxe5 50. dxe5 Ng5 51. c7 Ra1 {[#]} 52. Rb8 $3 {[%mdl 512]} Rxd1+ 53. Kg2 Nh3 54. Rxf8+ Kg7 55. Rf1 {Precision: Weiß = 59%, Schwarz = 38%.} 1-0

[Event "World Junior U20 Open 2018"]
[Site "Gebze"]
[Date "2018.09.07"]
[Round "3.24"]
[White "Nikitenko, Mihail"]
[Black "Kevlishvili, Robby"]
[Result "0-1"]
[WhiteElo "2368"]
[BlackElo "2485"]
[Annotator "TA"]
[PlyCount "68"]
[EventDate "2018.09.05"]
[EventType "swiss"]
[EventCountry "TUR"]
[SourceTitle "playchess.com"]
[Source "ChessBase"]
[SourceQuality "1"]

{[%evp 11,68,15,27,5,8,6,22,22,28,0,17,-16,0,-13,-14,-24,-8,-57,-47,-50,-37,-31,-30,-44,-47,-71,-72,-84,-74,-93,-80,-97,-79,-89,-79,-85,-82,-116,-89,-104,-83,-91,-79,-97,-96,-257,-214,-205,-229,-625,-763,-762,-762,-747,-710,-1312,-1292,-1226,-1226]} 1. Nf3 d5 2. d4 Nf6 3. g3 g6 4. Bg2 Bg7 5. O-O Nbd7 6. a4 {D02: 1 d4 d5 2 Nf3 sidelines, including 2...Nf6 3 g3 and 2...Nf6 3 Bf4} a5 {LiveBook: 11 Games} 7. Nbd2 (7. Bf4 O-O 8. c3 b6 9. Re1 Bb7 10. Na3 Ne4 11. Nd2 e5 12. dxe5 Nxe5 13. Nxe4 dxe4 {½-½ (36) Vachier Lagrave,M (2789)-Carlsen,M (2843) Stavanger 2018}) 7... O-O 8. c4 {The position is equal.} c6 9. cxd5 $146 ({Predecessor:} 9. b3 e6 10. Qc2 h6 11. Ba3 Re8 12. Rfd1 b6 13. Rac1 Bb7 {1-0 (46) Campos Gambuti,L (2453)-Isnardo Fayos,S Valencia 2004}) 9... Nxd5 10. Nc4 N5b6 11. Qb3 Nxc4 12. Qxc4 e5 13. e3 exd4 14. exd4 Nb6 $36 {[%mdl 2048] Black has some pressure.} 15. Qc5 Nd5 16. Bd2 Bg4 17. Ne5 Be6 18. Rac1 Re8 19. h4 Bf8 20. Qc2 Nb4 21. Bxb4 axb4 22. Rfd1 Qa5 23. b3 Rad8 24. h5 {[%cal Rh5g6]} Bg7 25. hxg6 hxg6 26. Re1 Bf6 27. Rcd1 Kg7 28. Nc4 $2 {[#]} (28. Rd3 $17 {might work better.}) 28... Qa7 29. d5 cxd5 30. Rxd5 $2 (30. Bxd5 Bg4 31. Rxe8 Bxd1 32. Qe4) 30... Bxd5 $19 {Black is clearly winning.} 31. Rxe8 Rxe8 32. Bxd5 Qd4 33. Bxb7 Qa1+ 34. Kg2 Rh8 {Precision: White = 27%, Black = 68%.} 0-1

[Event "World Junior U20 Open 2018"]
[Site "Gebze"]
[Date "2018.09.07"]
[Round "3.25"]
[White "Philippe, Guillaume"]
[Black "Lodici, Lorenzo"]
[Result "0-1"]
[WhiteElo "2358"]
[BlackElo "2458"]
[Annotator "TA"]
[PlyCount "92"]
[EventDate "2018.09.05"]
[EventType "swiss"]
[EventCountry "TUR"]
[SourceTitle "playchess.com"]
[Source "ChessBase"]
[SourceQuality "1"]

{[%evp 9,92,15,18,12,24,22,18,10,17,23,16,16,21,4,9,12,18,13,24,13,14,24,10,25,14,13,35,13,29,0,11,0,21,0,8,-24,0,-14,-4,-34,-42,-43,-40,-37,-43,-39,-45,-44,-38,-47,-47,-47,-44,-47,-47,-47,-45,-44,-47,-47,-47,-50,-48,-56,-55,-45,-37,-314,-207,-250,-223,-233,-228,-681,-208,-488,-240,-245,-246,-526,-524,-528,-514,-461,-393]} 1. Nf3 d5 2. e3 Nf6 3. c4 e6 4. b3 Bd6 5. Bb2 b6 {LiveBook: 8 Partien} (5... O-O 6. Nc3 c5 7. cxd5 exd5 8. d4 Nc6 9. Be2 cxd4 10. Nxd4 Nxd4 11. Qxd4 Re8 12. Rd1 Be5 13. Qd2 Bf5 {½-½ (24) Aronian,L (2764)-So,W (2778) Paris 2018}) 6. g3 $146 {A13: Reti-Eröffnung} ({Vorgänger:} 6. Nc3 O-O 7. d4 Bb7 8. Bd3 Nbd7 9. O-O c5 10. cxd5 exd5 11. Ne2 Qe7 12. Ng3 g6 13. Qe2 a6 14. Rfd1 Ne4 15. dxc5 Nxg3 16. hxg3 bxc5 17. Qd2 Rfd8 18. Rac1 Rac8 19. Bf1 f6 20. Bxa6 {1-0 (20) Quintiliano Pinto,R (2436)-Villanueva,M (2481) Buenos Aires 2018}) 6... dxc4 7. bxc4 Bb7 8. Bg2 {Die Stellung ist ausgeglichen.} c5 9. O-O O-O 10. Nc3 Nc6 11. Rc1 Qe7 12. Qe2 Rad8 13. Rfd1 Rfe8 14. Nb5 Bb8 15. d4 a6 16. Nc3 {[%cal Bb5c3,Bc3a4,Ba4c3][%mdl 32]} cxd4 17. exd4 Rc8 18. Na4 Ba7 19. c5 b5 20. Nc3 $1 Red8 21. Qe1 Bb8 22. Rc2 Nb4 23. Re2 Nbd5 24. Ne5 Nxc3 25. Bxc3 Bxg2 26. Kxg2 Qb7+ 27. Kg1 Bxe5 28. Rxe5 Nd5 {[%cal Bf6d5,Bd5e7,Be7c6,Bc6d4][%mdl 32]} 29. Ba5 Rd7 30. a3 Ne7 31. Bc3 Rd5 32. Rd2 Rcd8 {[%cal Bc8d8,Bd8d5,Bd5e5][%mdl 32]} 33. Qe4 Nc6 34. Rxd5 Rxd5 35. Rb2 h6 36. Qe3 Qd7 {zielt auf ...e5 ab.} 37. Rd2 a5 38. Rb2 $2 {[%mdl 8192]} ({Besser ist} 38. f4 $1 $15) 38... Nxd4 39. Bxa5 {[#]} Re5 $1 {[%mdl 512]} 40. c6 (40. Qxe5 Nf3+) 40... Nxc6 41. Qf3 $2 (41. Rd2 Rxe3 42. Rxd7 Rxa3 43. Bd2) 41... Rf5 $2 (41... Nxa5 42. Qa8+ Kh7 43. Qxa5 Qd1+ 44. Kg2 Re1) 42. Qc3 $2 (42. Qe4) 42... Qd5 ({Schwächer ist} 42... Nxa5 43. Qxa5 Qd1+ 44. Kg2 $17) (42... Ne5 $142 43. Rd2 Qb7 44. Rd8+ Kh7) 43. Rd2 $19 Qe4 {...Tf3 ist eine echte Drohung.} 44. Bb4 $2 {[#]} (44. f4) 44... Ne5 $1 {[%cal Re5f3] Schwarz steht klar auf Gewinn.} 45. Rd8+ Kh7 {Weiss muss nun ...Sf3+ beachten.} 46. f4 Nf3+ {Precision: Weiß = 46%, Schwarz = 60%.} 0-1

[Event "World Junior U20 Open 2018"]
[Site "Gebze"]
[Date "2018.09.07"]
[Round "3.26"]
[White "Amartuvshin, Ganzorig"]
[Black "Batsuren, Dambasuren"]
[Result "1/2-1/2"]
[WhiteElo "2280"]
[BlackElo "2446"]
[Annotator "TA"]
[PlyCount "61"]
[EventDate "2018.09.05"]
[EventType "swiss"]
[EventCountry "TUR"]
[SourceTitle "playchess.com"]
[Source "ChessBase"]
[SourceQuality "1"]

{[%evp 19,61,3,26,0,42,42,42,42,42,42,42,42,58,12,40,22,35,8,30,24,14,0,0,0,6,0,0,0,0,0,0,0,0,0,0,0,0,0,0,0,0,0,0,0]} 1. c4 Nf6 2. d4 e6 3. Nf3 b6 4. g3 Bb7 5. Bg2 Be7 6. O-O O-O 7. Re1 d5 8. cxd5 exd5 9. Nc3 Nbd7 10. Ne5 c5 {LiveBook: 5 Games} 11. Bg5 {E17: Queen's Indian: 4 g3 Bb7 5 Bg2 Be7} h6 $146 (11... cxd4 {is more complex.} 12. Nxd7 Qxd7 13. Qxd4 Bc5 14. Qd3 Ng4) 12. Nxd7 Qxd7 13. Bxf6 $1 {White is slightly better.} Bxf6 14. dxc5 {[%cal Rc3d5]} Bxc3 15. bxc3 bxc5 16. Rb1 Bc6 17. Qd3 Rab8 18. h4 Rfd8 19. Rxb8 Rxb8 20. Rb1 {The position is equal.} (20. Qd2 {looks sharper.} Rd8 21. Rd1 Ba4 22. Rb1 a6 23. Qf4) 20... Rxb1+ 21. Qxb1 Bb5 22. Bxd5 Qxd5 23. Qxb5 {[#] Threatens to win with Qb8+.} Qxa2 $11 {[%mdl 4096] Endgame KQ-KQ} 24. Qe8+ Kh7 25. Qe4+ Kg8 26. c4 a5 27. Qe8+ Kh7 28. Qe4+ Kg8 29. Qe8+ Kh7 30. Qe4+ Kg8 31. Qe8+ {Precision: White = 41%, Black = 53%.} 1/2-1/2

[Event "World Junior U20 Open 2018"]
[Site "Gebze"]
[Date "2018.09.07"]
[Round "3.27"]
[White "Esipenko, Andrey"]
[Black "Zrikem, Nassim"]
[Result "1-0"]
[WhiteElo "2593"]
[BlackElo "2066"]
[Annotator "TA"]
[PlyCount "63"]
[EventDate "2018.09.05"]
[EventType "swiss"]
[EventCountry "TUR"]
[SourceTitle "playchess.com"]
[Source "ChessBase"]
[SourceQuality "1"]

{[%evp 21,63,151,168,142,155,156,164,152,150,160,166,169,177,170,197,196,196,161,170,172,228,239,236,233,302,252,312,217,323,243,295,303,305,201,184,179,401,382,456,429,506,490,29991,522]} 1. d4 Nf6 2. Nf3 e6 3. c4 d5 4. Nc3 Be7 5. g3 O-O 6. Bg2 c6 7. O-O b6 8. Ne5 Nfd7 {E06: Katalanisch} (8... Ba6 9. cxd5 cxd5 10. Bf4 Bb7 11. Rc1 Nbd7 12. Qa4 Nxe5 13. Bxe5 Qd7 14. Qxd7 Nxd7 15. Bf4 Rfc8 16. Nb5 g5 17. Bd6 Kf8 18. Rfd1 a6 19. Bxe7+ Kxe7 20. Nc3 b5 {½-½ (20) Edouard,R (2630)-Vallejo Pons,F (2689) Germany 2016}) 9. cxd5 exd5 10. Nxd5 Nxe5 11. dxe5 Bb7 {LiveBook: 7 Partien} 12. Nc3 Nd7 13. f4 $146 ({Vorgänger:} 13. e6 fxe6 14. Bh3 Rf6 15. Ne4 Rg6 16. Qb3 {1-0 (67) Wolfangel,C (1751)-Soveaux,J (1893) La Fere 2011}) 13... Qc7 14. Be3 Rad8 15. Qc2 c5 16. Bxb7 Qxb7 17. Rad1 Nb8 18. Bf2 Nc6 19. Qe4 Qc8 20. Nd5 f5 (20... Rde8 {kämpft weiter.} 21. Be1 Bd8) 21. Qc4 $18 Kh8 22. e4 g6 23. exf5 gxf5 24. Be3 Rd7 (24... Na5 $142 25. Qc2 (25. Nxe7 Nxc4 26. Nxc8 Rxd1 $16) 25... Nc6) 25. Rd3 Rfd8 {[#]} 26. Rfd1 $1 Qb7 27. Nf6 Bxf6 28. exf6 $40 {[%mdl 128] De6! ist eine echte Drohung. Weiss hat starken Angriff.} Rxd3 $2 (28... Qc8 {war nötig.} 29. Rxd7 Rxd7) 29. Rxd3 {Schwarz muss nun De6! beachten.} Rxd3 30. Qxd3 Qf7 31. Qxf5 Qe8 (31... Nd8 $18 32. Qe5 Kg8) 32. Kf2 {Precision: Weiß = 65%, Schwarz = 29%.} (32. f7 $142 Qxe3+ 33. Kg2 Qe2+ 34. Kh3 Qh5+ 35. Qxh5 Kg7 36. Qf5 Kf8 37. Qd7 Kg7 38. Qe8 h6 39. f8=Q+ Kh7 40. Qh8#) 1-0

[Event "World Junior U20 Open 2018"]
[Site "Gebze"]
[Date "2018.09.07"]
[Round "3.28"]
[White "Nastase, Robert-Paul"]
[Black "Bai, Jinshi"]
[Result "0-1"]
[WhiteElo "2313"]
[BlackElo "2556"]
[Annotator "TA"]
[PlyCount "80"]
[EventDate "2018.09.05"]
[EventType "swiss"]
[EventCountry "TUR"]
[SourceTitle "playchess.com"]
[Source "ChessBase"]
[SourceQuality "1"]

{[%evp 13,80,7,7,0,0,0,0,9,11,-18,0,-2,11,0,0,0,0,0,0,0,6,-27,-29,-31,0,0,0,-24,-20,-22,-22,-14,-14,-38,-43,-32,-42,-46,-20,-20,-20,-36,-32,-56,-2,-70,-58,-207,-185,-174,0,-98,0,-162,-172,-208,-208,-193,-190,-4806,-2002,-29988,-6307,-6111,-5749,-2135,-689,-1591,-1493]} 1. e4 c6 2. d4 d5 3. e5 c5 4. dxc5 e6 5. a3 (5. Nf3 Bxc5 6. Bd3 Ne7 7. O-O Ng6 8. a3 O-O 9. Nbd2 Nc6 10. b4 Bb6 11. Bb2 Nf4 12. Nb3 a5 13. Qd2 Nxd3 14. cxd3 {½-½ (38) Vitiugov,N (2735)-Anand,V (2776) Karlsruhe/Baden-Baden 2018}) 5... Bxc5 6. b4 {B12: Caro-Kann: Advance Variation} Bb6 7. Nf3 a5 {LiveBook: 4 Games} 8. Bb2 {The position is equal.} axb4 9. axb4 Rxa1 10. Bxa1 Na6 11. Bc3 Ne7 12. Bd3 d4 $146 ({Predecessor:} 12... Nc7) 13. Bxa6 bxa6 14. Bxd4 Bb7 {White must now prevent ...Bxf3.} 15. Bxb6 Qxb6 16. c3 O-O 17. O-O Rd8 18. Qe2 $1 Nd5 {[%cal Be7d5,Bd5c3,Bc3b1][%mdl 1056] Black has compensation.} 19. Rd1 Rc8 20. Qd2 h6 21. Nd4 Qc7 22. f4 Nxc3 23. Rc1 {[%cal Rc1c3]} Nxb1 24. Rxc7 Nxd2 25. Rxb7 $15 {[%mdl 4096] Endgame KRN-KRN} Ne4 {[%cal Rc8c1]} 26. g3 Rc4 27. Nb3 g5 {[%cal Bg7g5,Bg5g4][%mdl 32]} 28. Na5 Rc1+ 29. Kg2 g4 $1 30. Rb6 (30. Nb3 $15 Rc3 31. Nd4) 30... Rc2+ $19 31. Kg1 {[#]} Rc1+ ({Black should play} 31... Nd2 $1 $19 32. Rxa6 Nf3+ 33. Kf1 Nxh2+ 34. Ke1 h5) 32. Kg2 $17 Rc2+ (32... h5 $17 33. Rxa6 Rc2+ 34. Kg1 Nd2) 33. Kg1 $19 {[#]} Nd2 $1 34. Rxa6 Nf3+ 35. Kf1 h5 {[%cal Bh6h5,Bh5h4][%mdl 32]} 36. b5 $2 (36. Rc6 Rb2 37. Nc4 Nxh2+ 38. Kg1 Nf3+ 39. Kf1 Rxb4 40. Rc8+ Kg7 41. Ne3) 36... h4 37. b6 Nxh2+ (37... Rxh2 $142 38. Ra8+ Kh7 39. Rh8+ Kxh8 40. b7 hxg3 41. b8=Q+ Kg7 42. Qa7 g2+ 43. Ke2 g1=Q+ 44. Kd3 Qb1+ 45. Kc4 Rc2+ 46. Kd3 Rc7+ 47. Ke3 Qe1+ 48. Kd3 Rc3#) 38. Ke1 {Black is clearly winning.} Nf3+ 39. Kd1 Rd2+ 40. Kc1 h3 {Precision: White = 49%, Black = 67%.} 0-1